Ръководство за лабораторни упражнения по автоматизация на електрозадвижването (Запис номер 478819)
[ съкратено ]
| 000 -Лидер | |
|---|---|
| Контролно поле с фиксирана дължина | nam a22 a 4500 |
| 003 - Код на организацията, давaща контролен номер | |
| Контролно поле | BLK |
| 005 - Дата и час на последна редакция | |
| Контролно поле | 20221103141945.0 |
| 008 - Елементи от данни с фиксирана дължина | |
| fixed length control field | 221103b bu |||||r|||| 00| | bu d |
| 040 ## - Източник на каталожния запис | |
| Идентификатор на билиотеката - собственик на записа | BLK |
| 041 ## - Код за език | |
| Код за езика на текст/звукозапис или на отделно заглавие | Български |
| Код за езика КДБФ | Български |
| 080 ## - УДК | |
| Текстов определител УДК | С електрическо задвижване. Електропривод |
| УДК код - определител по УДК | 62-83 |
| УДК определител | (075.8) |
| УДК - код + определител | 62-83(075.8) |
| 139 ## - Редно поле | |
| Редна дума | Ръководство за лабораторни упражнения по автоматизация на електрозадвижването |
| 245 ## - Сведения за заглавието | |
| Заглавие | Ръководство за лабораторни упражнения по автоматизация на електрозадвижването |
| Подзаглавни данни | За студентите от ВМЕИ В. И. Ленин - София и ВМЕИ - Варна |
| Редно поле (дума) | Жеко Билдирев и др. ; под общ. ред. на Димчо Ст. Йорданов |
| 260 ## - Област на издателските данни | |
| 9 (RLIN) | 209463 |
| Място на издаване, разпространение и проч. | София |
| Име на издателя, разпространителя и проч. | Техника |
| Година на издаване | 1977 |
| Печатница | Шумен : Г. Димитров |
| Издателство - префикс ISBN | 978-954-03- |
| 300 ## - Физическа характеристика | |
| Страници | 164 с. |
| Илюстрации и др. | с черт. |
| Размери/Мащаб | 22 см + диагр. (1 л.) |
| 380 ## - Жанр | |
| Жанр | Техника |
| 500 ## - Общи забележки | |
| Забележка | Други авт. : Стефан П. Пандуров, Димитър Х. Бакърджиев, Ел. А. Хараланова, Тодор Ф. Пройчев |
| 650 #0 - Допълнително описание по предмет – тема | |
| 9 (RLIN) | 271348 |
| Основно описание – тема или топоним | Електрозадвижване - автоматизация - учебници за ВУЗ |
| 653 #7 - Ключова дума – ненормативна | |
| 9 (RLIN) | 180342 |
| Ключова дума | автоматизация |
| 653 #7 - Ключова дума – ненормативна | |
| 9 (RLIN) | 186096 |
| Ключова дума | електрозадвижване |
| 700 ## - Други автори (авторска отговорност) | |
| 9 (RLIN) | 864 |
| Лично име | Йорданов, Димчо Станчев |
| Автороска отговорност (Описва отношението между автора и произведението) | под общ. ред. на |
| 852 ## - Местоположение | |
| Форматна сигнатура | Цб 88528 |
| Фондова буква | Хранилище |
| 856 ## - Електронен адрес и достъп | |
| Инструкция (цена за достъп) | 0.00 |
| Права за достъп | disable |
| 999 ## - СИСТЕМНИ КОНТРОЛНИ НОМЕРА | |
| Koha biblionumber | 478819 |
| Koha biblioitemnumber | 478819 |
| 942 ## - АРТИКУЛИ | |
| Вид на библиотечния материал | Книги |
| Скрит в OPAC | Не |
| Периодичен библиозапис | Да |
| 944 ## - СЪЗДАВАНЕ И РЕДАКЦИЯ на ЗАПИСА | |
| Създаване/Редакция | Създаване |
| Дата на регистрацията/редакция | 2022-11-03 |
| Служител, извършил регистрацията/редакцията | Христина Везирева |
| Код за отписване | Код за изгубен артикул | Източник на класификационната схема | Код за повреда | Коз за рестрикции | Код за отдаване | Артикулен № | Име на библиотеката - собственик | Име на библиотеката, в която се намира в момента | Статус (Текущо местоположение) | Дата на вписване в системата | Местоположение - отдел | Цена в лева | Инвентарен номер | Систематично азбучна сигнатура | Баркод | Цена в евро | Служебен тип на артикула |
|---|---|---|---|---|---|---|---|---|---|---|---|---|---|---|---|---|---|
| Не е изгубен | Universal Decimal Classification | Не е повреден | само за читалня | ползва се в читалня | 910955 | Регионална библиотека "Любен Каравелов" Русе | Регионална библиотека "Любен Каравелов" Русе | Хранилище | 2022-11-04 | Хранилище | 0.54 | 243188 | Цб 88528 | 120000243188 | 0.28 | Книги |